Т. 65, вып. 1; Известия Томского политехнического института [Известия ТПИ]

Bibliografski detalji
Parent link:Известия Томского политехнического института [Известия ТПИ]/ Томский политехнический институт (ТПИ). Т. 65, вып. 1.— , 1944-1976
Jezik:ruski
Izdano: Изд-во ТПИ, 1948
Teme:
Format: Knjiga
KOHA link:https://koha.lib.tpu.ru/cgi-bin/koha/opac-detail.pl?biblionumber=185576

MARC

LEADER 00000nam2a2200000 4500
001 185576
005 20231031173024.0
035 |a (RuTPU)RU\TPU\book\201292 
035 |a RU\TPU\book\201291 
090 |a 185576 
100 |a 20101012d1948 k y0rusy50 ca 
101 0 |a rus 
102 |a RU 
105 |a a z 000zy 
200 0 |a Т. 65, вып. 1 
210 |c Изд-во ТПИ  |d 1948 
215 |a 468 с.  |c табл., черт., рис. 
461 1 |0 (RuTPU)RU\TPU\book\200995  |t Известия Томского политехнического института [Известия ТПИ]  |f Томский политехнический институт (ТПИ)  |v Т. 65, вып. 1  |d 1944-1976 
601 0 2 |a Томский политехнический институт (ТПИ)  |c (1944-1991)  |2 stltpush  |3 (RuTPU)RU\TPU\col\1123 
610 1 |a научные исследования 
610 1 |a Горный Алтай 
610 1 |a девонские отложения 
610 1 |a фауна 
610 1 |a стратиграфия 
610 1 |a нижнедевонские формации 
610 1 |a брахиоподы 
610 1 |a трилобиты 
610 1 |a моллюски 
610 1 |a труды учёных ТПУ 
610 1 |a коллекция В. А. Обручева 
675 |a 62  |v 3 
801 1 |a RU  |b 63413507  |c 20090209  |g PSBO 
801 2 |a RU  |b 63413507  |c 20221114  |g PSBO 
942 |c BK